Zisťovanie príčin pracovných úrazov

Enregistré dans:
Détails bibliographiques
Auteur principal: Šilhová, Kamila
Format: Livre
Langue:slovaque
Publié: Bratislava Práca 1989
Collection:Knižnica bezpečnosti práce Zv. 3/89
Tags: Ajouter un tag
Pas de tags, Soyez le premier à ajouter un tag!

MARC

LEADER 00000nam a2200000 4500
001 c034954
005 20250916122807.3
041 0 |a slo 
044 |a SK 
245 1 0 |a Zisťovanie príčin pracovných úrazov  |c Kamila Šilhová 
264 1 |a Bratislava  |b Práca  |c 1989 
300 |a 57 s. 
490 1 |a Knižnica bezpečnosti práce  |v Zv. 3/89 
830 0 |a Knižnica bezpečnosti práce  |v Zv. 3/89 
100 1 |a Šilhová, Kamila